Boldog jövőjükkel ismerkedtek a szegedi "Nyílt Hét" vendégei
Elmentve itt :
| Dokumentumtípus: | Cikk |
|---|---|
| Megjelent: |
1950-05-21
|
| Sorozat: | Délmagyarország
|
| Kulcsszavak: | Nyílt hét, jogász |
| Online Access: | http://univ.bibl.u-szeged.hu/36537 |
| LEADER | 00468nab a2200157 i 4500 | ||
|---|---|---|---|
| 001 | univ36537 | ||
| 005 | 20171214105209.0 | ||
| 008 | 171214s1950 hu o 0|| zxx d | ||
| 040 | |a SZTE UnivHistória Repozitórium |b hun | ||
| 041 | |a zxx | ||
| 245 | 0 | 0 | |a Boldog jövőjükkel ismerkedtek a szegedi "Nyílt Hét" vendégei |h [elektronikus dokumentum] |
| 260 | |c 1950-05-21 | ||
| 300 | |a 5 | ||
| 490 | 0 | |a Délmagyarország | |
| 561 | |a Egyetemi hirarchívum | ||
| 695 | |a Nyílt hét, jogász | ||